01276nam a2200301 a 4500001001200000003000800012006001900020007001500039008004100054020001800095040002100113035002100134050002600155100002100181245008000202250001700282260006000299300001900359490002500378500017500403533015200578650002300730650003200753655002900785710001700814856012600831999001700957ebr10417606CaPaEBRm u cr cn|||||||||101215s2010 ii a s 000 0 eng d z9788173174865 aCaPaEBRcCaPaEBR a(OCoLC)69558762314aTK5105.5b.S56 2010eb1 aSingh, Vishnu P.10aComputer networking courseh[electronic resource] /cby Vishnu Priya Singh. a5th rev. ed. aNew Delhi, India :bComputech Publications Ltd.,c2010. a488 p. :bill.0 aAsian computech book a"Covering syllabus of various institutes and engineering colleges and also useful for network engineers, PC users and everyone aspiring to know about computer networking. aElectronic reproduction.bPalo Alto, Calif. :cebrary,d2011.nAvailable via World Wide Web.nAccess may be limited to ebrary affiliated libraries. 0aComputer networks. 0aComputer network protocols. 7aElectronic books.2local2 aebrary, Inc.40uhttp://site.ebrary.com/lib/rucke/Doc?id=10417606zAn electronic book accessible through the World Wide Web; click to view c84659d84659